Bughyat al-multamis. (Record no. 50571)

MARC details
000 -LEADER
fixed length control field 00843cam a22002411 4500
001 - CONTROL NUMBER
control field ne 68002646
003 - CONTROL NUMBER IDENTIFIER
control field DLC
005 - DATE AND TIME OF LATEST TRANSACTION
control field 20260227111844.0
008 - FIXED-LENGTH DATA ELEMENTS--GENERAL INFORMATION
fixed length control field 890904q19601969xx 000 0 ara
010 ## - LIBRARY OF CONGRESS CONTROL NUMBER
LC control number ne 68002646
035 ## - SYSTEM CONTROL NUMBER
System control number (OCoLC)23508642
040 ## - CATALOGING SOURCE
Original cataloging agency DLC
Transcribing agency MiU
Modifying agency DLC
050 00 - LIBRARY OF CONGRESS CALL NUMBER
Classification number DP103.7
Item number .D3 1960z
100 1# - MAIN ENTRY--PERSONAL NAME
Personal name Ibn ʻAmīrah, Aḥmad ibn Yaḥyá,
Dates associated with a name -1202 or 1203.
245 10 - TITLE STATEMENT
Title Bughyat al-multamis.
260 ## - PUBLICATION, DISTRIBUTION, ETC.
Date of publication, distribution, etc. [196-#]
300 ## - PHYSICAL DESCRIPTION
Extent 642, 25 p.
Other physical details facsim.
Dimensions 26 cm.
500 ## - GENERAL NOTE
General note Cover title: Bughyat al-multamis # tarikh rijal ahl al-Andalus, by Ibn 'Umaira al-Dhabbi, edited by F. Codera and J. Ribera.
500 ## - GENERAL NOTE
General note Photoreproduction of the ed. published in Madrid, 1884.
650 #0 - SUBJECT ADDED ENTRY--TOPICAL TERM
Topical term or geographic name entry element Arabs
Geographic subdivision Spain
General subdivision Biography
700 2# - ADDED ENTRY--PERSONAL NAME
Personal name Codera y Zaidín, Francisco,
Dates associated with a name 1836-1917.
Relator term ed.
700 1# - ADDED ENTRY--PERSONAL NAME
Personal name Ribera, Julián,
Dates associated with a name 1858-1934.
Relator term ed.

No items available.

Powered by Koha